[Event "Titled Tuesday intern op 12th May"]
[Site "Chess.com INT"]
[Date "2020.05.12"]
[Round "9"]
[White "Duong, Bach"]
[Black "Janaszak, Dawid"]
[Result "1/2-1/2"]
[WhiteElo "2279"]
[BlackElo "2356"]
[PlyCount "146"]
[EventDate "2020.05.12"]
[EventType "swiss (blitz)"]
[EventRounds "10"]
[EventCountry "USA"]
[SourceTitle "EXT 2021"]
[Source "ChessBase"]
[SourceDate "2020.10.23"]
[SourceVersion "1"]
[SourceVersionDate "2020.10.23"]
[SourceQuality "1"]

1. d4 Nf6 2. c4 c6 3. Nc3 d5 4. Nf3 a6 5. a4 Bg4 6. Ne5 Bf5 7. cxd5 cxd5 8. Qb3 Ra7 9. Bg5 e6 10. e3 Be7 11. Be2 0-0 12. 0-0 Nbd7 13. f4 Ne8 14. Bxe7 Qxe7 15. a5 Nd6 16. g4 Be4 17. f5 exf5 18. Nxd5 Qe6 19. gxf5 Qxd5 20. Qxd5 Bxd5 21. Nxd7 Re8 22. Bf3 Bxf3 23. Rxf3 b5 24. Nc5 Nc4 25. b3 Nxe3 26. Re1 Rae7 27. Nxa6 Nxf5 28. Rxe7 Nxe7 29. Nc7 Rc8 30. Nxb5 Nd5 31. Nd6 Ra8 32. Rxf7 Rxa5 33. Rb7 h5 34. Nf5 Ra2 35. Rxg7+ Kf8 36. Rd7 Nf4 37. b4 Nh3+ 38. Kf1 Rf2+ 39. Ke1 Rxf5 40. Rh7 Kg8 41. Rd7 Nf4 42. Rc7 Ne6 43. Rd7 Nf4 44. Rc7 h4 45. Kd2 h3 46. Rc5 Rf6 47. b5 Rg6 48. Ke3 Ng2+ 49. Kf2 Nf4 50. Kf3 Nd3 51. Rh5 Ne1+ 52. Ke2 Ng2 53. Kf3 Rf6+ 54. Kg3 Nf4 55. Rg5+ Kf7 56. Rg4 Ne2+ 57. Kxh3 Ke6 58. Re4+ Kd5 59. Rxe2 Kxd4 60. Rb2 Kc3 61. Rb1 Kc2 62. Re1 Rf5 63. Kg4 Rxb5 64. h4 Kd2 65. Re7 Rb4+ 66. Kg5 Rb5+ 67. Kg6 Rb6+ 68. Kg7 Rb5 69. h5 Rxh5 70. Rd7+ Ke3 71. Re7+ Kf4 72. Rf7+ Rf5 73. Rxf5+ Kxf5 1/2-1/2

[Event "Titled Tuesday intern op 14th April"]
[Site "Chess.com INT"]
[Date "2020.04.14"]
[Round "3"]
[White "Nguyen, Hong Anh1111"]
[Black "Duong, Bach"]
[Result "1-0"]
[WhiteElo "1970"]
[BlackElo "2203"]
[PlyCount "77"]
[EventDate "2020.04.14"]
[EventType "swiss (blitz)"]
[EventRounds "10"]
[EventCountry "USA"]
[SourceTitle "EXT 2021"]
[Source "ChessBase"]
[SourceDate "2020.10.23"]
[SourceVersion "1"]
[SourceVersionDate "2020.10.23"]
[SourceQuality "1"]

1. d4 d5 2. c4 e6 3. Nf3 c6 4. Qc2 Nf6 5. g3 dxc4 6. Qxc4 b5 7. Qc2 Bb7 8. Bg2 a6 9. 0-0 Nbd7 10. a4 Be7 11. Rd1 0-0 12. Ne5 Nxe5 13. dxe5 Nd5 14. Nc3 Qb6 15. axb5 axb5 16. Rxa8 Rxa8 17. Nxd5 cxd5 18. Be3 Qd8 19. Qb3 b4 20. Bd2 Ba6 21. e3 Bc4 22. Qc2 b3 23. Qc1 Ra2 24. Bc3 h6 25. e4 Qa8 26. exd5 exd5 27. Qd2 Ra1 28. h4 Rxd1+ 29. Qxd1 Bc5 30. Qg4 Qa7 31. e6 Bxf2+ 32. Kh2 fxe6 33. Qxe6+ Qf7 34. Qc8+ Kh7 35. Bh3 Bd3 36. Be6 Qf3 37. Qg8+ Kg6 38. Qxg7+ Kh5 39. Bf7+ 1-0